Quick Pick: Metallica Songs Words Quiz Stats

 Plays Quiz Updated Apr 4, 2020

Support Sporcle.
Go Orange.
Score 0/15 Timer 01:30
0 Plays Today
% Correct
Destroy
89.7%
Justice
88.7%
Lightning
88.7%
Black
84.4%
Death
82.9%
Master
82.8%
Sorrow
79.5%
Roam
79.2%
% Correct
Damage
78.8%
Welcome
78.5%
Monster
74.7%
Nightmare
74.4%
Metal
70.2%
Sanity
67.9%
Wolf
64.8%

Today's Daily Dose

Remove Ads.
Support Sporcle.
Get the best of Sporcle when you Go Orange. This ad-free experience offers more features, more stats, and more fun while also helping to support Sporcle. Thank you for becoming a member.

Show Comments

Extras

Top Quizzes Today


Score Distribution

Your Account Isn't Verified!

In order to create a playlist on Sporcle, you need to verify the email address you used during registration. Go to your Sporcle Settings to finish the process.

Report this User

Report this user for behavior that violates our Community Guidelines.

Details: